000 00613nam a2200241Ia 4500
003 OSt
005 20221005125945.0
006 a|||||r|||| 00| 0
007 ta
008 221004b |||||||| |||| 00| 0 eng d
024 _a40066
037 _cTextual
040 _aCRL
_cCRL
_beng
041 _2eng
_aeng
082 _aO:6xM6, G7
100 _aBoas Guy Ed.
_910812
245 0 _aProse of yesterday
_b Dickens to Galsworthy
260 _c1937
490 _aScholar's library
650 _aENGLISH LITERATURE
942 _hO:6xM6, G7
_cTEXL
_2cc
999 _c1055623
_d1055623